000 00650nam a2200169Ia 4500
008 090711s9999 xx 000 0 und d
082 _b96
100 _aटिळक अशोक देवदत्त
245 _aSाालता बोलता Sामत्कार.
260 _bपॉप्युलर प्रकाशन
_c2000
300 _a440
600 _aटिळक अशोक देवदत्त
630 _aSाालता बोलता Sामत्कार.
700 _aटिळक अशोक देवदत्त
730 _aSाालता बोलता Sामत्कार.
942 _cBOOK
999 _c337075
_d337075